[Event "20th EUR-ch"]
[Site "Skopje MKD"]
[Date "2019.03.18"]
[Round "1"]
[White "Basso, Pier Luigi"]
[Black "Tomerlin, Sinisa"]
[Result "1-0"]
[WhiteElo "2521"]
[BlackElo "2192"]
[EventDate "2019.03.18"]
[Board "118"]
[PlyCount "55"]

1.d4 d6 2.e4 Nf6 3.Nc3 g6 4.f4 Bg7 5.Nf3 O-O 6.Bd3 Nc6 7.e5 Nd7 8.Be3 Nb6 
9.Qd2 Nb4 10.O-O-O Nxd3+ 11.Qxd3 d5 12.h3 Nc4 13.g4 c6 14.b3 Nxe3 15.Qxe3 
a5 16.Rdg1 b5 17.h4 a4 18.b4 f5 19.gxf5 Rxf5 20.h5 Rxh5 21.Rxh5 gxh5 22.e6
Qd6 23.f5 Qd8 24.Ne5 c5 25.Rxg7+ Kxg7 26.Qg5+ Kf8 27.Nf7 Qb6 28.Nxd5 1-0

[Event "20th EUR-ch"]
[Site "Skopje MKD"]
[Date "2019.03.18"]
[Round "1"]
[White "Martinkus, Rolandas"]
[Black "Ruck, Robert"]
[Result "0-1"]
[WhiteElo "2185"]
[BlackElo "2521"]
[EventDate "2019.03.18"]
[Board "119"]
[PlyCount "36"]

1.Nf3 d5 2.e3 Nf6 3.c4 e6 4.Nc3 a6 5.b3 Bd6 6.d4 b6 7.Bd3 Bb7 8.Qc2 O-O 9.
e4 dxe4 10.Nxe4 Bb4+ 11.Ke2 Nbd7 12.Rd1 a5 13.Be3 a4 14.Ne5 axb3 15.axb3 
Rxa1 16.Rxa1 Nxe5 17.dxe5 Ng4 18.f4 Qh4 0-1

[Event "20th EUR-ch"]
[Site "Skopje MKD"]
[Date "2019.03.18"]
[Round "1"]
[White "Demidov, Mikhail"]
[Black "Ivic, Mateo"]
[Result "1-0"]
[WhiteElo "2520"]
[BlackElo "2183"]
[EventDate "2019.03.18"]
[Board "120"]
[PlyCount "75"]

1.d4 d6 2.c4 Nf6 3.Nc3 g6 4.e4 Bg7 5.Be2 O-O 6.Be3 Na6 7.g4 e5 8.d5 Nc5 9.
Bf3 a5 10.h4 c6 11.g5 Nh5 12.Bxc5 dxc5 13.Bxh5 gxh5 14.Qxh5 a4 15.a3 cxd5 
16.Nxd5 Be6 17.O-O-O Bxd5 18.Rxd5 Qb6 19.Ne2 Qb3 20.Nc3 Qxc4 21.Rhd1 b5 
22.Qe2 Qxe2 23.Nxe2 Rfc8 24.Rd7 b4 25.Ng3 Bf8 26.Nf5 c4 27.Nh6+ Bxh6 28.
gxh6 c3 29.axb4 Kf8 30.R7d3 cxb2+ 31.Kxb2 Ra6 32.Ka3 Rc4 33.f3 Rxh6 34.
Rd8+ Kg7 35.Rg1+ Rg6 36.Rxg6+ hxg6 37.b5 Rc3+ 38.Kxa4 1-0

[Event "20th EUR-ch"]
[Site "Skopje MKD"]
[Date "2019.03.18"]
[Round "1"]
[White "Isik, Alparslan"]
[Black "Nasuta, Grzegorz"]
[Result "1-0"]
[WhiteElo "2180"]
[BlackElo "2517"]
[EventDate "2019.03.18"]
[Board "121"]
[PlyCount "73"]

1.d4 d5 2.c4 c6 3.cxd5 cxd5 4.Bf4 Nc6 5.e3 Nf6 6.Nc3 Bf5 7.Qb3 Na5 8.Qa4+ 
Bd7 9.Qc2 e6 10.Bd3 Nc6 11.a3 Nh5 12.Bg3 f5 13.Nf3 Rc8 14.Bh4 Nf6 15.O-O 
Bd6 16.Rac1 O-O 17.b4 Qe8 18.Bg3 Bxg3 19.hxg3 Ng4 20.Qa2 Qh5 21.Ne2 g5 22.
b5 Ne7 23.Rxc8 Nxc8 24.Qc2 Nb6 25.Qc7 Rf6 26.Qd8+ Rf8 27.Qxg5+ Qxg5 28.
Nxg5 Rc8 29.Rc1 Rxc1+ 30.Nxc1 Nf6 31.Ne2 Na4 32.Nf4 Nb2 33.Be2 Nc4 34.a4 
Nb2 35.a5 Nc4 36.a6 b6 37.Ngxe6 1-0

[Event "20th EUR-ch"]
[Site "Skopje MKD"]
[Date "2019.03.18"]
[Round "1"]
[White "Potapov, Pavel"]
[Black "Smirnova, Ekaterina"]
[Result "1/2-1/2"]
[WhiteElo "2517"]
[BlackElo "2178"]
[EventDate "2019.03.18"]
[Board "122"]
[PlyCount "58"]

1.e4 e6 2.d4 d5 3.Nc3 dxe4 4.Nxe4 Bd7 5.Nf3 Bc6 6.Bd3 Nd7 7.O-O Ngf6 8.Ng3
g6 9.Re1 Bg7 10.c3 O-O 11.Bc2 b6 12.Qe2 Bxf3 13.Qxf3 c5 14.dxc5 Nxc5 15.
Bg5 h6 16.Rad1 Qe7 17.Bf4 Rad8 18.c4 Rxd1 19.Rxd1 Rd8 20.Re1 Qb7 21.Qe2 a5
22.h3 Rd7 23.b3 Qc8 24.Qe3 g5 25.Be5 Qd8 26.Rf1 Nd3 27.Bxf6 Bxf6 28.Nh5 
Nc5 29.a3 Rd4 1/2-1/2

[Event "20th EUR-ch"]
[Site "Skopje MKD"]
[Date "2019.03.18"]
[Round "1"]
[White "Veleski, Robert"]
[Black "Van Foreest, Lucas"]
[Result "0-1"]
[WhiteElo "2177"]
[BlackElo "2515"]
[EventDate "2019.03.18"]
[Board "123"]
[PlyCount "99"]

1.d4 Nf6 2.Bf4 d5 3.e3 e6 4.Nd2 c5 5.c3 Nc6 6.Bd3 Bd6 7.Bxd6 Qxd6 8.Ngf3 
O-O 9.O-O e5 10.dxe5 Nxe5 11.Nxe5 Qxe5 12.Nf3 Qh5 13.Qa4 Bg4 14.Qf4 Rfe8 
15.h3 Bxf3 16.Qxf3 Qxf3 17.gxf3 Rad8 18.Rad1 Re6 19.Rd2 Red6 20.Rfd1 Kf8 
21.Kf1 Ke7 22.Ke2 g6 23.f4 Nh5 24.f5 g5 25.Rg1 h6 26.b4 cxb4 27.cxb4 Kf6 
28.Rc1 Ng7 29.Rc7 R8d7 30.Rdc2 Nxf5 31.Bxf5 Kxf5 32.Kd3 Kg6 33.Kd4 Kh5 34.
f4 Kh4 35.Rc1 Kxh3 36.R7c2 Kg4 37.Rf1 Kh5 38.f5 g4 39.Rh2+ Kg5 40.Rfh1 
Kxf5 41.Rh5+ Kf6 42.R1h4 Rc7 43.Rxh6+ Ke7 44.Rxd6 Kxd6 45.Rh6+ Ke7 46.Kxd5
Rc2 47.Rh4 g3 48.Rg4 g2 49.a4 f5 50.Rg8 0-1

[Event "20th EUR-ch"]
[Site "Skopje MKD"]
[Date "2019.03.18"]
[Round "1"]
[White "Valsecchi, Alessio"]
[Black "Jandric, Damjan"]
[Result "1-0"]
[WhiteElo "2515"]
[BlackElo "2171"]
[EventDate "2019.03.18"]
[Board "124"]
[PlyCount "53"]

1.e4 c5 2.Nf3 d6 3.d4 cxd4 4.Nxd4 Nf6 5.Nc3 a6 6.h4 e5 7.Nb3 Be6 8.f4 Be7 
9.f5 Bd7 10.g4 Bc6 11.Bg2 b5 12.g5 Nfd7 13.Nd5 Bxd5 14.exd5 a5 15.Be3 a4 
16.Nd2 Qa5 17.O-O Na6 18.Ne4 Rc8 19.f6 gxf6 20.gxf6 Bf8 21.Qh5 Rc7 22.Ng5 
Ndc5 23.Ne6 Nxe6 24.dxe6 a3 25.Rad1 axb2 26.exf7+ Kd8 27.Qxe5 1-0

[Event "20th EUR-ch"]
[Site "Skopje MKD"]
[Date "2019.03.18"]
[Round "1"]
[White "Chigaeva, Anastasia"]
[Black "Sivuk, Vitaly"]
[Result "1/2-1/2"]
[WhiteElo "2167"]
[BlackElo "2514"]
[EventDate "2019.03.18"]
[Board "125"]
[PlyCount "72"]

1.d4 Nf6 2.c4 e6 3.Nf3 d5 4.Nc3 c6 5.Bg5 h6 6.Bxf6 Qxf6 7.e3 Nd7 8.cxd5 
exd5 9.Bd3 Bd6 10.O-O O-O 11.Bc2 Qe7 12.Re1 f5 13.a3 a5 14.Ne2 Rf6 15.Nf4 
Nf8 16.Nd3 Ng6 17.Qd2 Qc7 18.Qc3 Be6 19.Nfe5 Bxe5 20.dxe5 Rf7 21.f4 b6 22.
b4 Rff8 23.Ba4 Rfc8 24.Rec1 Ne7 25.Qd4 Qa7 26.Bb3 Rc7 27.Ra2 Qb8 28.Raa1 
Raa7 29.Ba4 Qb7 30.Bb3 Kf8 31.h3 Rc8 32.Kh2 Qb8 33.Bd1 Qc7 34.Qc3 Raa8 35.
Bh5 Kg8 36.Bf3 Kf7 1/2-1/2

[Event "20th EUR-ch"]
[Site "Skopje MKD"]
[Date "2019.03.18"]
[Round "1"]
[White "Zanan, Evgeny"]
[Black "Hesse, Henrik"]
[Result "1/2-1/2"]
[WhiteElo "2514"]
[BlackElo "2165"]
[EventDate "2019.03.18"]
[Board "126"]
[PlyCount "206"]

1.d4 Nf6 2.c4 e6 3.g3 d5 4.Nf3 Be7 5.Bg2 O-O 6.O-O dxc4 7.Qc2 a6 8.a4 Bd7 
9.Rd1 Bc6 10.Nc3 Bb4 11.Bg5 Bxc3 12.bxc3 Nbd7 13.Ne5 Bxg2 14.Kxg2 h6 15.
Bc1 c5 16.Nxc4 b5 17.Ne5 Qc7 18.Nxd7 Nxd7 19.Qe4 Rac8 20.Bf4 Qc6 21.Qxc6 
Rxc6 22.axb5 axb5 23.e4 cxd4 24.cxd4 Rb6 25.Rdc1 Nf6 26.Kf3 b4 27.Rab1 Ra8
28.Rb3 Ra3 29.Rb1 Rba6 30.Be3 Rxb3 31.Rxb3 Ra4 32.h3 g5 33.Rb1 Kg7 34.Bc1 
Kg6 35.Ke3 g4 36.hxg4 Nxg4+ 37.Ke2 Ra2+ 38.Bb2 b3 39.f3 Nf6 40.Kd3 Ra8 41.
Bc1 Rb8 42.Bf4 Rb6 43.Bc7 Rc6 44.Be5 Nd7 45.Bf4 Rb6 46.Rb2 h5 47.Kc4 f5 
48.d5 fxe4 49.fxe4 exd5+ 50.exd5 Kf5 51.Bc7 Ne5+ 52.Kc3 Rg6 53.Rf2+ Ke4 
54.Re2+ Kxd5 55.Rxe5+ Kc6 56.Re7 Rg4 57.Kxb3 h4 58.gxh4 Rxh4 59.Ba5 Kd5 
60.Bc3 Rh5 61.Ra7 Rh4 62.Ra5+ Ke6 63.Bd2 Rg4 64.Kc3 Rg3+ 65.Kd4 Rg4+ 66.
Kd3 Rh4 67.Be3 Rg4 68.Bd4 Rg3+ 69.Kc4 Rg8 70.Re5+ Kd6 71.Rf5 Rc8+ 72.Kd3 
Rg8 73.Be5+ Kd5 74.Bf4+ Ke6 75.Ke4 Ra8 76.Re5+ Kf6 77.Be3 Ra2 78.Rb5 Re2 
79.Rb6+ Ke7 80.Kd4 Re1 81.Bg5+ Kd7 82.Kd5 Rd1+ 83.Ke5 Re1+ 84.Kf5 Ra1 85.
Bf4 Ra5+ 86.Be5 Ra2 87.Rd6+ Ke7 88.Rg6 Rf2+ 89.Ke4 Ra2 90.Kf5 Rf2+ 91.Bf4 
Kd7 92.Rd6+ Kc8 93.Ke5 Kc7 94.Rf6 Kd7 95.Kd5 Ke7 96.Rf5 Re2 97.Bd6+ Kd7 
98.Rf7+ Kd8 99.Bc5 Rd2+ 100.Kc6 Re2 101.Rf1 Re6+ 102.Bd6 Re2 103.Rf4 Re1 
1/2-1/2

[Event "20th EUR-ch"]
[Site "Skopje MKD"]
[Date "2019.03.18"]
[Round "1"]
[White "De Seroux, Camille"]
[Black "Zoler, Dan"]
[Result "0-1"]
[WhiteElo "2160"]
[BlackElo "2513"]
[EventDate "2019.03.18"]
[Board "127"]
[PlyCount "127"]

1.e4 c5 2.Nf3 d6 3.d4 Nf6 4.dxc5 Nxe4 5.cxd6 Nc6 6.Be3 Nxd6 7.Nc3 g6 8.Nb5
Bg7 9.Nxd6+ exd6 10.c3 O-O 11.Qd2 Qc7 12.Be2 Ne5 13.O-O Bg4 14.Nd4 Bxe2 
15.Qxe2 a6 16.Rad1 Rfe8 17.Qc2 Rac8 18.Ne2 Ng4 19.Bc1 Qc4 20.Nf4 Qxa2 21.
Rxd6 Bxc3 22.Nd5 Bf6 23.Nxf6+ Nxf6 24.Qd1 Ne4 25.Rd4 Nc5 26.Qg4 h5 27.Qh4 
Qe6 28.Bh6 Qe5 29.h3 Ne6 30.Rd2 Red8 31.Rxd8+ Rxd8 32.f4 Qxb2 33.f5 Qd4+ 
34.Qxd4 Nxd4 35.fxg6 fxg6 36.Rf6 Kh7 37.Be3 Nf5 38.Bb6 Rd7 39.g4 hxg4 40.
hxg4 Nh6 41.Rf4 Rd6 42.Bc5 Rd5 43.Be7 g5 44.Rc4 Kg6 45.Kg2 Nf7 46.Rc7 Rb5 
47.Rc8 Ne5 48.Bc5 Rb2+ 49.Kg3 Rc2 50.Rc7 Rc3+ 51.Kg2 Nxg4 52.Rxb7 Rxc5 53.
Rb6+ Kf5 54.Rxa6 Rc2+ 55.Kg3 Rc3+ 56.Kg2 Ne3+ 57.Kf2 Nd5 58.Ra8 Nf4 59.
Ra5+ Kg4 60.Rb5 Rc2+ 61.Kg1 Ne2+ 62.Kh1 Ng3+ 63.Kg1 Kh3 64.Rb7 0-1

[Event "20th EUR-ch"]
[Site "Skopje MKD"]
[Date "2019.03.18"]
[Round "1"]
[White "Dragnev, Valentin"]
[Black "Lahav, Michal"]
[Result "1-0"]
[WhiteElo "2511"]
[BlackElo "2158"]
[EventDate "2019.03.18"]
[Board "128"]
[PlyCount "51"]

1.e4 e6 2.d4 d5 3.Nd2 Be7 4.Ngf3 Nf6 5.e5 Nfd7 6.Bd3 c5 7.O-O Nc6 8.Re1 g5
9.h3 h5 10.c4 Nb4 11.Bb1 g4 12.a3 gxf3 13.axb4 dxc4 14.bxc5 fxg2 15.Nxc4 
Nf8 16.Nd6+ Bxd6 17.exd6 Qh4 18.Ra3 Rg8 19.Re4 Qf6 20.Rf3 Qd8 21.Rxf7 Kxf7
22.Qxh5+ Ng6 23.Rf4+ Ke8 24.Bxg6+ Kd7 25.Rf7+ Kc6 26.Qf3+ 1-0

[Event "20th EUR-ch"]
[Site "Skopje MKD"]
[Date "2019.03.18"]
[Round "1"]
[White "Marinskii, Yurii"]
[Black "Sanal, Vahap"]
[Result "1/2-1/2"]
[WhiteElo "2156"]
[BlackElo "2511"]
[EventDate "2019.03.18"]
[Board "129"]
[PlyCount "256"]

1.e4 c5 2.Nc3 Nc6 3.g3 g6 4.Bg2 Bg7 5.d3 d6 6.f4 e6 7.Nf3 Nge7 8.O-O O-O 
9.Be3 b6 10.Qd2 Ba6 11.Nd1 Qd7 12.Re1 Rad8 13.Rb1 Nd4 14.Bf2 Nxf3+ 15.Bxf3
f5 16.Nc3 Bb7 17.Qe2 e5 18.Be3 Nc6 19.Bg2 Nd4 20.Qd2 exf4 21.Bxf4 Rde8 22.
Nd5 fxe4 23.dxe4 Nc6 24.c3 Ne5 25.Bxe5 Bxe5 26.Rf1 b5 27.a3 Bc8 28.Qg5 Kg7
29.Rxf8 Rxf8 30.Rf1 Qd8 31.Qxd8 Rxd8 32.Kf2 h5 33.Ke3 Be6 34.Nf4 Bc4 35.
Rf2 Rb8 36.Bf1 Bf7 37.Nd3 Bf6 38.Kd2 a6 39.Nf4 a5 40.Nd5 Be5 41.Kc2 Be6 
42.Nc7 Bd7 43.Nd5 Rh8 44.Nc7 c4 45.a4 b4 46.Bxc4 Bxa4+ 47.Kd3 bxc3 48.bxc3
Bd1 49.Rd2 Bg4 50.Be6 Bxe6 51.Nxe6+ Kf6 52.Nd4 a4 53.Ra2 Ra8 54.Kc4 Kg5 
55.Nf3+ Kf6 56.Nd4 g5 57.Kb4 Re8 58.Ne2 Rb8+ 59.Kxa4 g4 60.Nd4 Rb1 61.Rf2+
Kg6 62.Re2 h4 63.gxh4 Rh1 64.Rg2 Kh5 65.Nf5 Bxh2 66.Ne3 g3 67.Rd2 Ra1+ 68.
Kb5 Bg1 69.Nf5 Bf2 70.Nxg3+ Bxg3 71.c4 Rb1+ 72.Kc6 Kxh4 73.c5 dxc5 74.Kxc5
Kg4 75.Ra2 Kf4 76.Ra4 Ke5 77.Kc6 Bf2 78.Ra2 Bd4 79.Ra5+ Kxe4 80.Rb5 Rc1+ 
81.Kd6 Rh1 82.Ke6 Rh6+ 83.Kd7 Be5 84.Rb4+ Kf5 85.Rb7 Rg6 86.Rb5 Rg7+ 87.
Kc6 Ke6 88.Kc5 Rc7+ 89.Kb4 Kd6 90.Kb3 Bd4 91.Ra5 Bc5 92.Ra2 Kd5 93.Kc3 
Bd4+ 94.Kb3 Rb7+ 95.Kc2 Ke4 96.Kd2 Rc7 97.Ra4 Rh7 98.Kc2 Rh2+ 99.Kb3 Kd3 
100.Kb4 Rb2+ 101.Ka5 Rb1 102.Ka6 Ke4 103.Ra5 Rb6+ 104.Ka7 Be3 105.Ka8 Kd4 
106.Ra7 Kd5 107.Rb7 Ra6+ 108.Kb8 Bc5 109.Kc7 Rd6 110.Rb5 Rh6 111.Rb7 Rg6 
112.Kd7 Bb6 113.Kc8 Kc6 114.Rc7+ Kb5 115.Rf7 Rd6 116.Rd7 Rc6+ 117.Kb7 Bc5 
118.Rc7 Re6 119.Kc8 Bd6 120.Rb7+ Kc6 121.Rc7+ Kd5 122.Rd7 Re8+ 123.Rd8 Re1
124.Kd7 Re7+ 125.Kc8 Kc6 126.Rd7 Re1 127.Rd8 Re4 128.Rd7 Rh4 1/2-1/2

[Event "20th EUR-ch"]
[Site "Skopje MKD"]
[Date "2019.03.18"]
[Round "1"]
[White "Mirzoev, Emil"]
[Black "Mihov, Filip"]
[Result "1-0"]
[WhiteElo "2511"]
[BlackElo "2152"]
[EventDate "2019.03.18"]
[Board "130"]
[PlyCount "63"]

1.e4 e6 2.d3 d5 3.Qe2 Be7 4.Nf3 Nf6 5.g3 b5 6.Bg2 b4 7.e5 Nfd7 8.a3 c5 9.
Nbd2 Nc6 10.O-O Qc7 11.Re1 a5 12.Nf1 Ba6 13.c4 dxc4 14.dxc4 Nb6 15.b3 a4 
16.axb4 cxb4 17.Ng5 Bxg5 18.Bxg5 Bb7 19.Be3 Ra5 20.Qg4 g6 21.Qh4 Nd7 22.
Bh6 Ncxe5 23.Bxb7 Qxb7 24.Nd2 Rg8 25.Bg5 h5 26.Rxa4 Rxa4 27.bxa4 b3 28.Qd4
Nc6 29.Qd6 b2 30.Rb1 f6 31.Qxe6+ Kf8 32.Bh6+ 1-0

[Event "20th EUR-ch"]
[Site "Skopje MKD"]
[Date "2019.03.18"]
[Round "1"]
[White "Keymer, Vincent"]
[Black "Risteski, Emil"]
[Result "1-0"]
[WhiteElo "2509"]
[BlackElo "2132"]
[EventDate "2019.03.18"]
[Board "132"]
[PlyCount "63"]

1.d4 Nf6 2.c4 g6 3.g3 Bg7 4.Bg2 O-O 5.Nc3 d6 6.Nf3 Nc6 7.O-O a6 8.b3 Rb8 
9.d5 Na5 10.Bg5 h6 11.Bd2 c5 12.dxc6 Nxc6 13.Rc1 e5 14.Ne1 Be6 15.Nd5 Nd7 
16.Nc2 f5 17.Be3 f4 18.gxf4 Qh4 19.fxe5 Ndxe5 20.f3 g5 21.Bf2 Qh5 22.Bg3 
Bh3 23.e3 Rf7 24.Ne1 Rbf8 25.Bxh3 Qxh3 26.Rc2 h5 27.Rg2 h4 28.Bxe5 Nxe5 
29.Rxg5 Qe6 30.f4 Qh6 31.Rf2 h3 32.Qh5 1-0

[Event "20th EUR-ch"]
[Site "Skopje MKD"]
[Date "2019.03.18"]
[Round "1"]
[White "Sekelja, Marko"]
[Black "Arizmendi Martinez, Julen Luis"]
[Result "0-1"]
[WhiteElo "2120"]
[BlackElo "2506"]
[EventDate "2019.03.18"]
[Board "133"]
[PlyCount "47"]

1.e4 e6 2.d4 d5 3.e5 c5 4.c3 Qb6 5.Nf3 Nc6 6.a3 c4 7.g3 f6 8.exf6 Nxf6 9.
Bh3 Bd6 10.O-O O-O 11.Qe2 Kh8 12.Kg2 Qc7 13.Re1 e5 14.dxe5 Bxh3+ 15.Kxh3 
Bxe5 16.Nxe5 Qc8+ 17.Kg2 Nxe5 18.Be3 Ne4 19.Nd2 Nxd2 20.Bxd2 Nf3 21.Red1 
Qg4 22.Qf1 Qe4 23.Kh3 g5 24.g4 0-1

[Event "20th EUR-ch"]
[Site "Skopje MKD"]
[Date "2019.03.18"]
[Round "1"]
[White "Baron, Tal"]
[Black "Miloi, Pavel-Dan"]
[Result "1-0"]
[WhiteElo "2506"]
[BlackElo "2119"]
[EventDate "2019.03.18"]
[Board "134"]
[PlyCount "131"]

1.d4 d5 2.Nf3 Nf6 3.Bf4 Bf5 4.e3 e6 5.c4 Bxb1 6.Qxb1 Bb4+ 7.Kd1 dxc4 8.
Bxc4 Bd6 9.Bg5 Nbd7 10.Ke2 Nb6 11.Bd3 h6 12.Bh4 Qe7 13.Rc1 c6 14.Kf1 e5 
15.b4 O-O 16.Kg1 Rfe8 17.dxe5 Bxe5 18.Nxe5 Qxe5 19.Rc5 Qd6 20.Bg3 Qe7 21.
Re5 Qd7 22.a3 Rad8 23.Rxe8+ Rxe8 24.h3 Qd5 25.Qc2 Kh8 26.Rd1 Qe6 27.Bf5 
Qc4 28.Rd4 Qxc2 29.Bxc2 Re7 30.Bf5 g6 31.Bd6 Re8 32.Bc2 Kg8 33.Rh4 g5 34.
Rd4 Rd8 35.a4 Ne8 36.Bc5 Rxd4 37.Bxd4 Nd5 38.b5 cxb5 39.axb5 Nd6 40.Bb3 
Nc7 41.Bxa7 Ndxb5 42.Bb8 Na6 43.Be5 Nbc7 44.Bc4 Ne6 45.Kh2 Nac5 46.f3 Kf8 
47.Kg3 Ke7 48.Bh8 f6 49.Kg4 Nd7 50.Kf5 Nd8 51.Bg7 Nf7 52.Ba2 h5 53.f4 gxf4
54.exf4 b5 55.Kg6 Nd6 56.Kxh5 b4 57.Kg6 Ne4 58.h4 Nc3 59.Bc4 Nb6 60.Bxf6+ 
Kd7 61.Bb3 Nbd5 62.Be5 Ne7+ 63.Kf7 Nc6 64.Be6+ Kd8 65.Bf6+ Kc7 66.h5 1-0

[Event "20th EUR-ch"]
[Site "Skopje MKD"]
[Date "2019.03.18"]
[Round "1"]
[White "Aydincelebi, Kagan"]
[Black "Goryachkina, Aleksandra"]
[Result "0-1"]
[WhiteElo "2115"]
[BlackElo "2504"]
[EventDate "2019.03.18"]
[Board "135"]
[PlyCount "58"]

1.e4 c6 2.d4 d5 3.exd5 cxd5 4.c4 Nf6 5.Nc3 Nc6 6.Bg5 dxc4 7.Bxc4 h6 8.Bxf6
exf6 9.Nge2 Bd6 10.O-O O-O 11.a3 Bf5 12.Bd3 Qd7 13.Qc2 Bxd3 14.Qxd3 Rfe8 
15.Rfd1 Rad8 16.Rac1 h5 17.h3 Bb8 18.d5 Ne5 19.Qd4 Ng6 20.Ng3 h4 21.Nf1 
Nf4 22.Ne3 Qd6 23.Nf1 f5 24.Re1 Qg6 25.g3 hxg3 26.fxg3 Nxh3+ 27.Kh2 Ng5 
28.Kg2 f4 29.Rcd1 Qh5 0-1

[Event "20th EUR-ch"]
[Site "Skopje MKD"]
[Date "2019.03.18"]
[Round "1"]
[White "Quparadze, Giga"]
[Black "Efremov, Vladislav"]
[Result "1/2-1/2"]
[WhiteElo "2501"]
[BlackElo "2115"]
[EventDate "2019.03.18"]
[Board "136"]
[PlyCount "118"]

1.e4 c5 2.Nf3 e6 3.d4 cxd4 4.Nxd4 Nc6 5.Nc3 Qc7 6.Be2 Nf6 7.O-O Be7 8.Be3 
O-O 9.f4 d6 10.Kh1 Nxd4 11.Qxd4 b6 12.Bf3 Bb7 13.Nb5 Qb8 14.c4 Rd8 15.Qd3 
a6 16.Nc3 Qc7 17.Rac1 Rac8 18.b3 Bc6 19.a4 Nd7 20.b4 Bb7 21.Qb1 Bc6 22.
Rfd1 Qb8 23.Ne2 Bb7 24.Nd4 Qa8 25.f5 e5 26.Nb3 Bc6 27.b5 axb5 28.axb5 Bb7 
29.Rd2 Nc5 30.Ra2 Qb8 31.g4 Qc7 32.g5 Ra8 33.Nxc5 dxc5 34.Rxa8 Rxa8 35.Rd1
Rd8 36.Rxd8+ Qxd8 37.h4 f6 38.g6 h6 39.Kg2 Bf8 40.Kf2 Be7 41.Qb3 Qa8 42.
Qc2 Qd8 43.Qa2 Bf8 44.Qa7 Qc7 45.Ke2 Be7 46.Qa3 Qd8 47.Kf2 Bf8 48.Qb3 Be7 
49.Qa2 Bf8 50.Qa7 Qc7 51.Be2 Bd6 52.Bd3 Bf8 53.Bc2 Be7 54.Bd2 Bf8 55.Qa1 
Qd7 56.Be3 Qd8 57.Qf1 Qd7 58.Qc1 Qd8 59.Qa3 Qd7 1/2-1/2

[Event "20th EUR-ch"]
[Site "Skopje MKD"]
[Date "2019.03.18"]
[Round "1"]
[White "Ivanova, Karina"]
[Black "Blagojevic, Dragisa"]
[Result "1/2-1/2"]
[WhiteElo "2114"]
[BlackElo "2498"]
[EventDate "2019.03.18"]
[Board "137"]
[PlyCount "116"]

1.Nf3 d5 2.g3 c6 3.Bg2 Bg4 4.O-O e6 5.d3 Bd6 6.c4 Nf6 7.cxd5 cxd5 8.Nc3 
Nc6 9.Bd2 O-O 10.Rc1 Rc8 11.a3 a6 12.Na4 b5 13.Nc5 Bxf3 14.Bxf3 Bxc5 15.
Rxc5 Nd4 16.Rxc8 Nxf3+ 17.exf3 Qxc8 18.Qb3 Qb7 19.Rc1 Rc8 20.Rxc8+ Qxc8 
21.f4 Qc5 22.Qc3 Qxc3 23.Bxc3 Nd7 24.Kf1 Nb8 25.Ke2 Nc6 26.g4 f6 27.Ke3 
Kf7 28.f5 exf5 29.gxf5 g6 30.fxg6+ hxg6 31.b3 Ke6 32.Kf4 Ne7 33.Bd4 Nf5 
34.Bb2 Kf7 35.Bc3 Ng7 36.Ke3 Ne6 37.Bb4 g5 38.a4 Kg6 39.axb5 axb5 40.Bd6 
Kh5 41.Kd2 Nd4 42.Kc3 Nc6 43.Kd2 Kh4 44.Ke3 f5 45.Bf8 d4+ 46.Ke2 Nd8 47.
Kf3 Ne6 48.Be7 Kh5 49.Bd6 Kg6 50.Ke2 g4 51.f3 Kg5 52.Be7+ Kh5 53.Bd6 Ng5 
54.fxg4+ Kxg4 55.Be7 Ne6 56.Bd6 Nd8 57.Kf2 Ne6 58.Kg2 Ng5 1/2-1/2

[Event "20th EUR-ch"]
[Site "Skopje MKD"]
[Date "2019.03.18"]
[Round "1"]
[White "Neverov, Valeriy"]
[Black "Maloberti, David"]
[Result "1-0"]
[WhiteElo "2496"]
[BlackElo "2113"]
[EventDate "2019.03.18"]
[Board "138"]
[PlyCount "73"]

1.Nf3 Nf6 2.c4 g6 3.g3 Bg7 4.Bg2 O-O 5.O-O d6 6.d4 Nc6 7.Nc3 e5 8.d5 Ne7 
9.e4 Bg4 10.h3 Bxf3 11.Qxf3 Nd7 12.Rb1 f5 13.b4 fxe4 14.Qxe4 Nf5 15.Qd3 
Nd4 16.Ne4 Nf6 17.Ng5 Qd7 18.Bb2 h6 19.Bxd4 hxg5 20.Be3 g4 21.Qxg6 gxh3 
22.Bf3 Rae8 23.b5 e4 24.Be2 c6 25.bxc6 bxc6 26.dxc6 Qxc6 27.Rb5 Re5 28.
Rxe5 dxe5 29.Rb1 Qc7 30.Kh2 Rb8 31.Rxb8+ Qxb8 32.Kxh3 Qc7 33.g4 Qa5 34.g5 
Nh7 35.Bg4 Nf8 36.Be6+ Nxe6 37.Qxe6+ 1-0

[Event "20th EUR-ch"]
[Site "Skopje MKD"]
[Date "2019.03.18"]
[Round "1"]
[White "Tomashevskaya, Lidia"]
[Black "Enchev, Ivajlo"]
[Result "0-1"]
[WhiteElo "2112"]
[BlackElo "2490"]
[EventDate "2019.03.18"]
[Board "139"]
[PlyCount "64"]

1.e4 e5 2.Nc3 Nf6 3.g3 Bc5 4.Bg2 Nc6 5.d3 d6 6.Na4 Bb4+ 7.c3 Ba5 8.b4 Bb6 
9.Nxb6 axb6 10.Nf3 Be6 11.Qc2 b5 12.Ng5 d5 13.Nxe6 fxe6 14.exd5 exd5 15.
O-O O-O 16.Bb2 Ra4 17.c4 Rxb4 18.a3 bxc4 19.axb4 Nxb4 20.Qe2 Nxd3 21.Bxe5 
Qe7 22.f4 Qc5+ 23.Kh1 Re8 24.Qf3 Ne4 25.h3 Rf8 26.Bxg7 Kxg7 27.Qg4+ Kh8 
28.Kh2 Qd4 29.f5 Rg8 30.Qh4 Qb2 31.f6 Nxg3 32.Rg1 Qe5 0-1

[Event "20th EUR-ch"]
[Site "Skopje MKD"]
[Date "2019.03.18"]
[Round "1"]
[White "Matvyishen, Viktor"]
[Black "Ivankovic, Ivo"]
[Result "1-0"]
[WhiteElo "2490"]
[BlackElo "2109"]
[EventDate "2019.03.18"]
[Board "140"]
[PlyCount "61"]

1.d4 d5 2.c4 c6 3.Nf3 Nf6 4.Nbd2 Bf5 5.Nh4 Bc8 6.e3 e6 7.Nhf3 Nbd7 8.Bd3 
Bd6 9.e4 dxe4 10.Nxe4 Nxe4 11.Bxe4 Bb4+ 12.Bd2 Qa5 13.O-O Nf6 14.Bc2 Bxd2 
15.Nxd2 Qh5 16.Nf3 O-O 17.Re1 b6 18.Qd2 Bb7 19.Re5 Qh6 20.Qxh6 gxh6 21.a4 
Nd7 22.Rh5 Kg7 23.Ra3 f5 24.Ne5 Nxe5 25.dxe5 Rad8 26.Rg3+ Kh8 27.Rxh6 Rd2 
28.Rc3 Re2 29.Kf1 Rxe5 30.f4 Kg7 31.Rch3 1-0

[Event "20th EUR-ch"]
[Site "Skopje MKD"]
[Date "2019.03.18"]
[Round "1"]
[White "Asllani, Muhamet"]
[Black "Sadikhov, Ulvi"]
[Result "1-0"]
[WhiteElo "2105"]
[BlackElo "2488"]
[EventDate "2019.03.18"]
[Board "141"]
[PlyCount "131"]

1.d4 Nf6 2.Nf3 g6 3.c4 Bg7 4.Nc3 d6 5.g3 O-O 6.Bg2 c6 7.O-O Bf5 8.Re1 Ne4 
9.Bd2 Nxd2 10.Qxd2 Na6 11.h3 e5 12.e4 exd4 13.Nxd4 Bd7 14.Rad1 Qb6 15.b3 
Rad8 16.Kh2 Nc5 17.Nc2 a5 18.Qe3 Qc7 19.f4 Na6 20.Rd2 Rfe8 21.Red1 Bc8 22.
Qf3 Nc5 23.Nd4 Qb6 24.Nde2 Bf8 25.g4 a4 26.Nxa4 Nxa4 27.bxa4 Be6 28.Qb3 
Qa6 29.Rc1 Ra8 30.f5 Bc8 31.Rf1 Qxa4 32.Qc3 Bg7 33.Qb3 Qa5 34.Rc2 Qc5 35.
a4 Ra6 36.Rb1 Qa7 37.Ra2 Re5 38.Rf1 Qc5 39.Nf4 Rb6 40.Qc2 Re8 41.Nd3 Qd4 
42.a5 Ra6 43.c5 dxc5 44.Nxc5 Ra7 45.Kh1 g5 46.Nb3 Qe3 47.Nc1 Be5 48.Nd3 
Bc7 49.e5 Rd8 50.Rf3 Qd4 51.Ra4 Qd7 52.h4 Rxa5 53.Rxa5 Bxa5 54.Qc1 Kh8 55.
Qxg5 Rg8 56.Qf6+ Rg7 57.e6 fxe6 58.fxe6 Qxe6 59.Qa1 Qe7 60.Qxa5 Bxg4 61.
Qa8+ Rg8 62.Qa1+ Rg7 63.Rf6 Bc8 64.Nf4 Kg8 65.Qc3 Rg4 66.Bd5+ 1-0

[Event "20th EUR-ch"]
[Site "Skopje MKD"]
[Date "2019.03.18"]
[Round "1"]
[White "Sargsian, Shant"]
[Black "Trajkovski, Mile"]
[Result "1-0"]
[WhiteElo "2488"]
[BlackElo "2105"]
[EventDate "2019.03.18"]
[Board "142"]
[PlyCount "49"]

1.e4 e5 2.Nf3 Nc6 3.Bb5 Nf6 4.d3 Ne7 5.Bc4 c6 6.Nc3 Ng6 7.h4 h5 8.Ng5 d5 
9.exd5 cxd5 10.Nxd5 Nxd5 11.Qf3 f6 12.Bxd5 Bg4 13.Bf7+ Kd7 14.Qxb7+ Qc7 
15.Qb5+ Kc8 16.Qe8+ Kb7 17.Bd5+ Ka6 18.Qa4+ Qa5+ 19.Qxa5+ Kxa5 20.Bxa8 
fxg5 21.Bxg5 Bb4+ 22.c3 Bxc3+ 23.bxc3 Rxa8 24.f3 Bf5 25.Ke2 1-0

[Event "20th EUR-ch"]
[Site "Skopje MKD"]
[Date "2019.03.18"]
[Round "1"]
[White "Caglar, Sila"]
[Black "Ivic, Velimir"]
[Result "1/2-1/2"]
[WhiteElo "2094"]
[BlackElo "2487"]
[EventDate "2019.03.18"]
[Board "143"]
[PlyCount "87"]

1.e4 c5 2.Nf3 Nc6 3.d4 cxd4 4.Nxd4 g6 5.c4 Bg7 6.Be3 d6 7.Nc3 Qb6 8.Nb3 
Bxc3+ 9.bxc3 Qc7 10.c5 dxc5 11.Nxc5 Nf6 12.f3 O-O 13.Be2 b6 14.Nb3 Ne5 15.
Rc1 Rd8 16.Qc2 Nc4 17.Bf2 Ba6 18.O-O Nh5 19.Rfd1 Nf4 20.Bf1 Na3 21.Qb2 
Bxf1 22.Rxd8+ Rxd8 23.Rxf1 Nb5 24.Nd4 Nxc3 25.Nb5 Nfe2+ 26.Kh1 Qc4 27.Nxc3
Nxc3 28.Rc1 Qxa2 29.Qxc3 Qxf2 30.Qc7 Rd2 31.Qb8+ Kg7 32.Qe5+ Kh6 33.Qf4+ 
Kg7 34.Qe5+ f6 35.Qxe7+ Kh6 36.Rg1 Qc5 37.Qxf6 Qd6 38.Qf7 Rd1 39.g4 Rxg1+ 
40.Kxg1 Qd1+ 41.Kg2 Qe2+ 42.Kg3 Qe1+ 43.Kg2 Qe2+ 44.Kg3 1/2-1/2

[Event "20th EUR-ch"]
[Site "Skopje MKD"]
[Date "2019.03.18"]
[Round "1"]
[White "Plenca, Jadranko"]
[Black "Janjic, Stefan"]
[Result "1-0"]
[WhiteElo "2487"]
[BlackElo "2086"]
[EventDate "2019.03.18"]
[Board "144"]
[PlyCount "81"]

1.e4 e6 2.d4 d5 3.Nd2 a6 4.Bd3 c5 5.dxc5 Bxc5 6.Ngf3 Nf6 7.O-O O-O 8.e5 
Nfd7 9.Nb3 Be7 10.Qe2 Nc6 11.c3 Re8 12.Nbd4 Nf8 13.Bf4 f6 14.Rad1 Bd7 15.
c4 fxe5 16.Nxc6 Bxc6 17.Nxe5 Bf6 18.Rfe1 Qa5 19.Bb1 Red8 20.h3 Be8 21.cxd5
exd5 22.Ng4 Qb6 23.Nxf6+ Qxf6 24.Be5 Qf7 25.Rd4 Ng6 26.Bg3 Bc6 27.Qh5 Nf8 
28.Qd1 Re8 29.Rf4 Rxe1+ 30.Qxe1 Re8 31.Qd1 Qe7 32.Kh2 Qe2 33.Qb3 Ng6 34.
Rg4 Ne5 35.Re4 Qf1 36.Bc2 Nc4 37.Rxe8+ Bxe8 38.Qxb7 Qe2 39.Qxd5+ Bf7 40.
Qd8+ Be8 41.Bd3 1-0